000 00640nam a2200205 a 4500
001 5769
003 CO-ViMGA
008 141112s2004 ck r 000 u spa d
020 _a9586014681
040 _aCO-ViMGA
_bspa
_cCO-ViMGA
082 0 4 _a330.9861 L652d
100 1 _aLondoño de la Cuesta, Juan Luis
_94265
245 1 0 _aDistribución del ingreso y desarrollo economico :
_bcolombia en el siglo XX
260 _aSantafé de Bogotá :
_bTercer mundo,
_c1995
300 _a261 p
650 1 4 _aCOLOMBIA - INGRESO - Economía
_94266
650 1 4 _aDESARROLLO ECONOMICO
_954125
650 1 4 _aEconomía COLOMBIANA
_952813
942 _2ddc
_cBK
999 _c17748
_d17748